| 000 | 00479nam a2200181Ia 4500 | ||
|---|---|---|---|
| 001 | 10296 | ||
| 005 | 20260306161821.0 | ||
| 008 | 260306t1979||||xx |||||||||||||| ||spa|| | ||
| 041 | _aESP | ||
| 082 |
_a918 _bM27 |
||
| 100 |
_aMasías Núñez del Prado, Pablo _eAUT |
||
| 245 | 0 |
_aEn las cumbres de arequipa: _bcómo sascender en la cordillera volcánica |
|
| 260 | _c1979 | ||
| 300 |
_a93 páginas : _c21 cm. |
||
| 650 | _aGEN | ||
| 654 | _aCHU | ||
| 942 |
_cLIB _dJUS _fJUS _2ddc _n |
||
| 999 |
_c10296 _d10296 |
||